My life my country : (Record no. 3344)

000 -LEADER
fixed length control field 01091cam a2200313 a 4500
001 - CONTROL NUMBER
control field 16726133
003 - CONTROL NUMBER IDENTIFIER
control field OSt
005 - DATE AND TIME OF LATEST TRANSACTION
control field 20180117090004.0
008 - FIXED-LENGTH DATA ELEMENTS--GENERAL INFORMATION
fixed length control field 110408s2009 pk b 001 0aeng
010 ## - LIBRARY OF CONGRESS CONTROL NUMBER
LC control number 2011326975
020 ## - INTERNATIONAL STANDARD BOOK NUMBER
International Standard Book Number 9789690023346
025 ## - OVERSEAS ACQUISITION NUMBER
Overseas acquisition number P-E-2011326975; 27
037 ## - SOURCE OF ACQUISITION
Source of stock number/acquisition Library of Congress -- Islamabad Overseas Office
Terms of availability Rs 895
040 ## - CATALOGING SOURCE
Original cataloging agency DLC
Transcribing agency DLC
042 ## - AUTHENTICATION CODE
Authentication code lcode
-- pcc
043 ## - GEOGRAPHIC AREA CODE
Geographic area code a-pk---
050 00 - LIBRARY OF CONGRESS CALL NUMBER
Classification number HB126.P183
Item number H395 2009
100 1# - MAIN ENTRY--PERSONAL NAME
Personal name Hasan, Parvez.
245 10 - TITLE STATEMENT
Title My life my country :
Remainder of title memoirs of a Pakistani Economist /
Statement of responsibility, etc. Parvez Hasan.
260 ## - PUBLICATION, DISTRIBUTION, ETC.
Place of publication, distribution, etc. Lahore :
Name of publisher, distributor, etc. Ferozsons,
Date of publication, distribution, etc. 2011.
300 ## - PHYSICAL DESCRIPTION
Extent 472 p. ;
Dimensions 22 cm.
504 ## - BIBLIOGRAPHY, ETC. NOTE
Bibliography, etc. note Includes bibliographical references (p. 465-468) and index.
600 10 - SUBJECT ADDED ENTRY--PERSONAL NAME
Personal name Hasan, Parvez.
650 #0 - SUBJECT ADDED ENTRY--TOPICAL TERM
Topical term or geographic name entry element Economists
Geographic subdivision Pakistan
Form subdivision Biography.
906 ## - LOCAL DATA ELEMENT F, LDF (RLIN)
a 7
b cbc
c origode
d 3
e ncip
f 20
g y-gencatlg
942 ## - ADDED ENTRY ELEMENTS (KOHA)
Source of classification or shelving scheme
Koha item type Book
Holdings
Withdrawn status Lost status Source of classification or shelving scheme Damaged status Not for loan Collection code Permanent Location Current Location Shelving location Date acquired Total Checkouts Full call number Barcode Checked out Date last seen Date last checked out Price effective from Koha item type
            Central Library (CL) Central Library (CL) General Stacks 06/02/2016 1 330.092 HAS S3H-N-780 10/21/2025 09/21/2025 09/21/2025 06/02/2016 Book
© 2023 Central Library, National University of Sciences and Technology. All Rights Reserved.